| 000 | 00466nam a22001817a 4500 | ||
|---|---|---|---|
| 003 | CEME | ||
| 005 | 20210628205649.0 | ||
| 008 | 210309b xxu||||| |||| 00| 0 eng d | ||
| 020 | _a0-07-053171-4 | ||
| 040 | _c. | ||
| 082 | _a510.2462 ROB | ||
| 100 |
_aRobertson, John.S _976524 |
||
| 245 | _aEngineering mathematics with mathematica | ||
| 260 |
_aNEWYORK _bMCGRAW HILL _c1995 |
||
| 300 | _a288P | ||
| 650 |
_aENGINEERING MATHEMATICA _976525 |
||
| 942 |
_cBK _2ddc |
||
| 999 |
_c581907 _d581907 |
||